Koncepcia rozvoja cestovného ruchu v Nitre

Salvato in:
Dettagli Bibliografici
Autore principale: Plesník, Pavol, 1956-
Ente Autore: Obchodná fakulta EU. Katedra služieb a cestovného ruchu - zrušené
Altri autori: Novák, Juraj, Novacká, Ľudmila, 1953-, Michálková, Anna, 1968-, Miklovičová, Jana, Vačková, Andrea, Čechovičová, Adriána, Dvonč, Jozef
Natura: Libro
Lingua:slovacco
Pubblicazione: Nitra [Mesto Nitra] 2010
Soggetti:
Tags: Aggiungi Tag
Nessun Tag, puoi essere il primo ad aggiungerne!!

MARC

LEADER 00000nam a2200000 4500
001 0121654
005 20240503084921.2
020 |a 978-80-225-3103-0 
041 0 |a slo 
044 |a SK 
245 1 0 |a Koncepcia rozvoja cestovného ruchu v Nitre  |c spracovateľ Pavol Plesník, spolupráca Juraj Novák ; predkladateľ Jozef Dvonč 
264 1 |a Nitra  |b [Mesto Nitra]  |c 2010 
300 |a 37 s. 
610 2 0 |a ruch cestovný 
610 2 0 |a kancelárie cestovné 
610 2 0 |a marketing 
100 1 |a Plesník, Pavol, 1956- 
700 1 |a Novák, Juraj 
700 1 |a Novacká, Ľudmila, 1953- 
700 1 |a Michálková, Anna, 1968- 
700 1 |a Miklovičová, Jana 
700 1 |a Vačková, Andrea 
700 1 |a Čechovičová, Adriána 
700 1 |a Dvonč, Jozef 
710 2 |a Obchodná fakulta EU. Katedra služieb a cestovného ruchu - zrušené